000 00381nam a2200121Ia 4500
008 220616s9999||||xx |||||||||||||| ||und||
245 0 _aFoams
_bEmerging Technologies
546 _aEnglish[eng]
650 _aColloid chemistry
700 _aXu, Huijin||Yang, Chen||Jing, Dengwei
856 _uhttps://mts.intechopen.com/storage/books/8111/authors_book/authors_book.pdf
942 _cEB
999 _c20209
_d20209